| 000 | 00502nam a22001937a 4500 | ||
|---|---|---|---|
| 005 | 20130911153423.0 | ||
| 010 | _aG-2222 | ||
| 020 |
_a9788184776652 _c99.00 |
||
| 035 | _aG-2222 | ||
| 037 | _aGIFT | ||
| 082 | _aS | ||
| 100 | _aAnupa Lal | ||
| 245 |
_aIndian Folktales _cAnupa Lal |
||
| 260 |
_aGurgaon _bScholastic |
||
| 270 |
_aGolf View Corporate Tower-A,3rd Floor,DLF Phase V, _bGurgaon _e122002 |
||
| 300 |
_a116p _bill. _c18cm(pbk) |
||
| 942 |
_2ddc _cCH _hS _kANU |
||
| 999 |
_c79293 _d79293 |
||